000 00805nam a2200253 a 4500
001 73911
003 BD-RjUL
005 20211209082448.0
008 170614s1958 nyua 001 0 eng d
035 _a(BD-RjUL)74129
040 _aDLC
_cOT
_dBD-RjUL
_beng
041 _aeng
082 _223
_a621.384
_bGHR 1958
100 1 _aGhirardi, Alfred A.
_9210039
245 1 0 _aRadio physics course :
_ban elementary textbook on the basic principles of electricity, radio, and television /
_cby Alfred A. Ghirardi.
250 _a2nd ed.
260 _aNew York :
_bRinehart and Winston,
_cc1958.
300 _axiv, 972 p. :
_bill. ;
_c24 cm.
504 _aIncludes bibliographical references and index
650 0 _aRadio.
_9210040
650 0 _aTelevision
_9218932
942 _2ddc
_cBK
999 _c73911
_d73911